01155 2200205 4500001002100000005001500021035002000036008004100056245002800097100001300125250000600138260003800144300001200182084001400194082000800208650001000216520069900226990001200925990001200937INLIS00000000000083920240607100956 a0010-0524000074240607 1 ind 1 aFish & Girl /cRosemary aRosemary a1 aYogyakarta :bSheila/ Andi,c2015 a168 hlm a813 ROS f a813 4aFiksi aEve, 24 tahun, adalah cewek metropolitan berkulit sawo matang yang selalu tidak beruntung dalam hal percintaan sebentar lagi dia mencapai rekor jomblo silver. Bianca, 24, adalah sahabat karib sekaligus teman seperjuangannya yang selalu bisa mendapatkan hati cowok manapun dan kemudian memutuskan mereka karena bosan. Menyadari bahwa kisah cintanya tidak boleh berakhir bad-ending terus, alias di PHP permanen, Eve akhirnya belajar mengikuti langkah Bianca yang berdasarkan buku panduan Metrowomen: Cara menjaring ikan yang tepat ala geng Elitot, geng mereka dulu. Yuk simak kisah Eve tentang kegalauan, kegejean, dan realita ( lesson-learned ) dalam hal mencari cinta dalam novel ini. a0741278 a0741279